Klicke um die Flaggen zusammen zusetzten #2 - Statistiken

Allgemein
  • Dieses Quiz wurde 158 mal gespielt
  • Das Durchschnittsergebnis liegt bei 17 aus 25
Antwortstatistiken
Hint Extra Hint Explanation Antwort % Korrekt
Klicke auf den korrekten Flaggenhintergrund! Israel
98%
Klicke auf den korrekten Flaggenhintergrund! Brasilien
98%
Klicke auf den korrekten Flaggenhintergrund! Indien
86%
Klicke auf den korrekten Flaggenhintergrund! Spanien
85%
Klicke auf den korrekten Flaggenhintergrund! Barbados
82%
Klicke auf den korrekten Flaggenhintergrund! Kroatien
81%
Klicke auf den korrekten Flaggenhintergrund! Slowenien
79%
Klicke auf den korrekten Flaggenhintergrund! Vatikan
79%
Klicke auf den korrekten Flaggenhintergrund! Nicaragua
78%
Klicke auf den korrekten Flaggenhintergrund! Uruguay
77%
Klicke auf den korrekten Flaggenhintergrund! Kenia
76%
Klicke auf den korrekten Flaggenhintergrund! Irak
75%
Klicke auf den korrekten Flaggenhintergrund! Tadschikistan
65%
Klicke auf den korrekten Flaggenhintergrund! Sambia
64%
Klicke auf den korrekten Flaggenhintergrund! Eswatini
59%
Klicke auf den korrekten Flaggenhintergrund! Mongolei
58%
Klicke auf den korrekten Flaggenhintergrund! Nordkorea
57%
Klicke auf den korrekten Flaggenhintergrund! Kambodscha
57%
Klicke auf den korrekten Flaggenhintergrund! Belize
52%
Klicke auf den korrekten Flaggenhintergrund! Namibia
50%
Klicke auf den korrekten Flaggenhintergrund! Brunei
49%
Klicke auf den korrekten Flaggenhintergrund! Simbabwe
47%
Klicke auf den korrekten Flaggenhintergrund! Haiti
40%
Klicke auf den korrekten Flaggenhintergrund! Äquatorialguinea
39%
Klicke auf den korrekten Flaggenhintergrund! Mosambik
36%
Keine übereinstimmenden Quizze gefunden
Verteilung der Resultate
Anzahl Personen mit jedem Resultat
Perzentil nach korrekt beantworteten Fragen
Ihre Resultats-Entwicklung
Sie haben dieses Quiz noch nicht gespielt